Mathematical ideas. (Record no. 11622)

000 -LEADER
fixed length control field 01141cam a22003014a 4500
001 - CONTROL NUMBER
control field 13893269
005 - DATE AND TIME OF LATEST TRANSACTION
control field 20170923020032.0
008 - FIXED-LENGTH DATA ELEMENTS--GENERAL INFORMATION
fixed length control field 050309s2008 maua 001 0 eng
010 ## - LIBRARY OF CONGRESS CONTROL NUMBER
LC control number 2005045896
020 ## - INTERNATIONAL STANDARD BOOK NUMBER
International Standard Book Number 0321361466
020 ## - INTERNATIONAL STANDARD BOOK NUMBER
International Standard Book Number 9780321361462
035 ## - SYSTEM CONTROL NUMBER
System control number (OCoLC)ocm58457454
035 ## - SYSTEM CONTROL NUMBER
System control number (OCoLC)58457454
040 ## - CATALOGING SOURCE
Original cataloging agency DLC
Transcribing agency DLC
Modifying agency YDX
-- BAKER
-- BTCTA
-- YDXCP
-- DLC
042 ## - AUTHENTICATION CODE
Authentication code pcc
050 00 - LIBRARY OF CONGRESS CALL NUMBER
Classification number QA39.3
Item number .M55 2008b
082 00 - DEWEY DECIMAL CLASSIFICATION NUMBER
Classification number 510
Edition number 22
245 00 - TITLE STATEMENT
Title Mathematical ideas.
250 ## - EDITION STATEMENT
Edition statement Expanded 11th ed. /
Remainder of edition statement Charles D. Miller ... [et al.].
260 ## - PUBLICATION, DISTRIBUTION, ETC. (IMPRINT)
Place of publication, distribution, etc. Boston :
Name of publisher, distributor, etc. Pearson/Addison Wesley,
Date of publication, distribution, etc. c2008.
300 ## - PHYSICAL DESCRIPTION
Extent xxiii, 1053, [92] p. :
Other physical details ill. (chiefly col.) ;
Dimensions 27 cm.
500 ## - GENERAL NOTE
General note Includes index.
650 #0 - SUBJECT ADDED ENTRY--TOPICAL TERM
Topical term or geographic name as entry element Mathematics
Form subdivision Textbooks.
700 1# - ADDED ENTRY--PERSONAL NAME
Personal name Miller, Charles D.
Fuller form of name (Charles David),
Dates associated with a name 1942-1986.
906 ## - LOCAL DATA ELEMENT F, LDF (RLIN)
a 7
b cbc
c orignew
d 1
e ocip
f 20
g y-gencatlg
942 ## - ADDED ENTRY ELEMENTS (KOHA)
Source of classification or shelving scheme
Koha item type Hard Covered Materials
Classification part QA 39.3 .M55 2007
Koha issues (borrowed), all copies 1
Holdings
Withdrawn status Lost status Source of classification or shelving scheme Damaged status Not for loan Home library Current library Shelving location Date acquired Source of acquisition Total Checkouts Full call number Barcode Date last seen Date last checked out Price effective from Koha item type
          MACHAKOS UNIVERSITY LIBRARY MACHAKOS UNIVERSITY LIBRARY Technical section 11/07/2016 Donation (BFA) 1 QA 39.3 .M55 2007 21144 12/07/2018 22/09/2017 11/07/2016 Hard Covered Materials
© Machakos University Library, Along The Highway, Machakos Wote Rd, Machakos, Kenya P.O. Box 136 - 90100 Machakos - Kenya

Tel: ( +254 ) 723 805829 OR Fax : 044-20353 OR Email: library@mksu.ac.ke